| 000 | 00846cab a2200277 4500 | ||
|---|---|---|---|
| 001 | ABS49501 | ||
| 008 | 090401t1993 xxu||||| |||| 00| 0 eng d | ||
| 035 | _a(Sirsi) u71608 | ||
| 041 | _aeng | ||
| 245 | _aInformation technology | ||
| 260 | _c1993 | ||
| 350 | _a0 | ||
| 490 |
_aEstates Gazette _v(9341) 16 October 1993, 143-160(10) |
||
| 520 | _aUser-friendly systems, wireless technology, teleworking and Domesday 2000 are all reviewed in this special feature. | ||
| 650 | _aCABLING | ||
| 650 | _aCOMPUTERS | ||
| 650 | _aDOMESDAY 2000 | ||
| 650 | _aHOMEWORKERS | ||
| 650 | _aNATIONAL LAND INFORMATION SERVICE | ||
| 650 | _aNATIONAL LAND INFORMATION SERVICE | ||
| 650 | _aTELEWORKING | ||
| 650 | _aWIRELESS TECHNOLOGY | ||
| 690 | _aMANAGEMENT-BUSINESS MANAGEMENT-INFORMATION MANAGEMENT | ||
| 942 | _n0 | ||
| 948 | _c04/03/1997 | ||
| 999 |
_c45168 _d45168 |
||